000 00497nam a22002057a 4500
003 koha_MIRAKIL
005 20231213100234.0
008 231213b |||||||| |||| 00| 0 ||| d
020 _b979-9-75263231-7
040 _aTR-IsEVY
_btur
_cTR-IsEVY
082 _a823 WIL/M
100 _aWilde, Oscar.
245 0 _aMutlu prens
250 _a4. bs.
260 _bTimaş Yayınları,
_c2009
300 _a75 s.
650 _aEnglish fiction.
650 _aİngiliz romanı.
942 _2ddc
_cBK
999 _c16768
_d16768